Catálogo - Centro de Recursos para el Aprendizaje y la Investigación

Volver al Sitio - CRAI Biblioteca

Diversion, color y fantasía: (Registro nro. 114123)

Detalles MARC
000 -CABECERA
campo de control de longitud fija 01456nam a2200277 4500
001 - NÚMERO DE CONTROL
campo de control 114123
003 - IDENTIFICADOR DEL NÚMERO DE CONTROL
campo de control DR-UNIBE
005 - FECHA Y HORA DE LA ÚLTIMA TRANSACCIÓN
campo de control 20251002062558.0
008 - DATOS DE LONGITUD FIJA--INFORMACIÓN GENERAL
campo de control de longitud fija 251001b2011 dr ||||| |||| 00| 1 spa d
020 ## - NÚMERO INTERNACIONAL ESTÁNDAR DEL LIBRO
Número Internacional Estándar del Libro 978994541483
040 ## - FUENTE DE LA CATALOGACIÓN
Centro catalogador/agencia de origen BIBLIOTECA UNIBE
Lengua de catalogación spa
Centro/agencia transcriptor BIBLIOTECA UNIBE
Normas de descripción rda
041 ## - CÓDIGO DE LENGUA
Código de lengua del texto/banda sonora o título independiente spa
090 ## - LOCALMENTE ASIGNADO TIPO-LC NÚMERO DE CLASIFICACIÓN (OCLC); NÚMERO DE CLASIFICACIÓN LOCAL (RLIN)
Número de clasificación (OCLC) (R) ; Numero de clasificación, CALL (RLIN) (NR) FBIU-PUCMM CI D618
245 10 - MENCIÓN DE TÍTULO
Título Diversion, color y fantasía:
Resto del título cuentos de niños y niñas dominicanas /
Mención de responsabilidad, etc. presentación: Josefina Pimentel ; edición y prólogo: Liliana Montenegro ; compilación: Equipo Técnico Programa Escuelas Efectivas-Lengua española
250 ## - MENCIÓN DE EDICIÓN
Mención de edición Primera edición
260 ## - PUBLICACIÓN, DISTRIBUCIÓN, ETC.
Lugar de publicación, distribución, etc. Santiago de los Caballeros :
Nombre del editor, distribuidor, etc. Pontificia Universidad Católica Madre y Maestra (PUCMM),
Fecha de publicación, distribución, etc. 2011
300 ## - DESCRIPCIÓN FÍSICA
Extensión 169 páginas :
Otras características físicas ilustraciones ;
Dimensiones 23 x 18 cm
490 ## - MENCIÓN DE SERIE
Mención de serie PUCMM. Colección contemporáneos
500 ## - NOTA GENERAL
Nota general Incluye glosario, fotos de los niños escritores de primero a cuarto grados de escuelas de escuelas de Santiago de los Caballeros, La Vega, Moca y otras que participaron en el cuarto concurso anual promovido por la PUCMM y el Programa Escuelas Efectivas-Lengua Española
653 #7 - TÉRMINO DE INDIZACIÓN--NO CONTROLADO
Término no controlado Cuentos infantiles dominicanos
653 #7 - TÉRMINO DE INDIZACIÓN--NO CONTROLADO
Término no controlado Literatura infantil dominicana
700 10 - PUNTO DE ACCESO ADICIONAL--NOMBRE DE PERSONA
Nombre de persona Montenegro, Liliana
9 (RLIN) 55076
Término indicativo de función/relación editor
-- prologuista
700 #0 - PUNTO DE ACCESO ADICIONAL--NOMBRE DE PERSONA
Nombre de persona Pimentel Valenzuela, Josefina
Término indicativo de función/relación presentación
9 (RLIN) 28758
710 10 - PUNTO DE ACCESO ADICIONAL--NOMBRE DE ENTIDAD CORPORATIVA
Nombre de entidad corporativa o nombre de jurisdicción como elemento de entrada Equipo Técnico Programa Escuelas Efectivas-Lengua Epañola
9 (RLIN) 55083
Término indicativo de función/relación compilador
942 ## - ELEMENTOS DE PUNTO DE ACCESO ADICIONAL (KOHA)
Fuente del sistema de clasificación o colocación Sistema de Clasificación Decimal Dewey
Tipo de ítem Koha Libro (general)
Existencias
Estado de retiro Estado de pérdida Fuente del sistema de clasificación o colocación No para préstamo Código de colección Localización permanente Fecha de adquisición Total de préstamos Signatura topográfica completa Código de barras Fecha visto por última vez Número de copia Precio válido a partir de Tipo de ítem Koha
  Disponible Sistema de Clasificación Decimal Dewey No se presta Fondo Bibliográfico IBBY-UNIBE Biblioteca Central UNIBE 01/08/2025   FBIU-PUCMM CI D618 FBIU0901 01/10/2025 EJ.1 01/10/2025 Libro (reserva)